| 000 | 01310cam a2200313 a 4500 | ||
|---|---|---|---|
| 001 | 13253340 | ||
| 003 | ARRUPE | ||
| 005 | 20220407100139.0 | ||
| 008 | 030626s2003 nyu 001 0 eng | ||
| 010 | _a 2003057739 | ||
| 020 | _a1582343306 (pbk.) | ||
| 040 |
_aDLC _cDLC _dDLC |
||
| 050 | 0 | 0 |
_aPN3355 _b.W75 2003 |
| 082 | 0 | 0 |
_a808.3 _222 |
| 245 | 0 | 0 |
_aGotham writers' workshop: writing movies _bthe practical guide from New York's acclaimed creative writing school / _cwritten by Gotham Writers' Workshop faculty ; edited by Alexander Steele. |
| 250 | _a1st U.S. ed. | ||
| 260 |
_aLondon : _bA and C Black ; _c2008. |
||
| 300 |
_aviii, 291 p. ; _c21 cm. |
||
| 500 | _a"Gotham Writers' Workshop." | ||
| 500 | _aIncludes index. | ||
| 650 | 0 |
_aFiction _xAuthorship. _951280 |
|
| 700 | 1 |
_aSteele, Alexander. _951281 |
|
| 710 | 2 |
_aGotham Writers' Workshop. _951282 |
|
| 856 | 4 | 2 |
_3Contributor biographical information _uhttp://www.loc.gov/catdir/bios/hol053/2003057739.html |
| 856 | 4 | 2 |
_3Publisher description _uhttp://www.loc.gov/catdir/description/hol032/2003057739.html |
| 906 |
_a7 _bcbc _corignew _d1 _eocip _f20 _gy-gencatlg |
||
| 942 |
_2lcc _cMONOGRAPH |
||
| 999 |
_c131281 _d131281 |
||